Statistics for Words that are Animals

Click here to take the quiz!

General Stats

  • This quiz has been taken 36,621 times
  • The average score is 11 of 22

Answer Stats

Definition Word % Correct
Deadly sin of lazinessSloth
83%
Person from New ZealandKiwi
75%
Two under par in golfEagle
73%
A good pool playerShark
71%
A spy, working from insideMole
70%
Computer software defectBug
61%
Police informantRat
58%
To repeat what was just saidParrot
58%
Three strikes in a row in bowlingTurkey
56%
Stock market optimistBull
54%
Person who elects the popeCardinal
53%
Stock market pessimistBear
51%
Person who lives as a parasite off othersLeech
49%
CowardlyChicken
38%
Politician who favors peaceful resolutionsDove
37%
To mimicApe
36%
A pinkish colorSalmon
36%
To collide with a ship to try to sink itRam
35%
To lower one's headDuck
34%
Politician who favors military conflictHawk
31%
Slang for heroinHorse
29%
Gambler who makes huge betsWhale
23%

Score Distribution

Percentile by Number Answered

Percent of People with Each Score

Your Score History

You have not taken this quiz